000 00932nam a22002057a 4500
001 6807
003 FISKH
005 20251117112158.0
008 250529b cb ||||| |||| 00| 0 eng d
040 _aFISKH
_beng
_cFISKH
_dFISKH
050 _aUG447 .H255
082 _a358.34
100 _aPa-O Youth Organization
245 _aPoison clouds :
_bLessons from Burma's largest coal project at Tigyit /
_cBy the Pa-O Youth Organization and the Kyoju Action Network
260 _aShan States :
_bThe Pa-O Youth Organization ,
_c2011.
300 _a50 pages :
_bcolor illustrations, maps ;
_c25 cm .
520 _aThis report investigates the severe environmental, health, and social impacts of the Tigyit coal mine and power plant, Myanmar's largest coal project. Operated since 2004, the Tigyit project has caused widespread pollution and displacement in the Pa-O region of southern Shan State.
942 _2ddc
_cBK
_n0
999 _c6807
_d6807